000 00554nam a22001817a 4500
008 130821s1923 xx gr fre
040 _aCo-BoUCM
_bspa
041 0 0 _afre
100 _aLoti, Pierre
_d1850-1923
_9145531
245 0 3 _aL'edésert
_cPierre Loti
260 _a[Lugar desconocido]
_b[Editorial desconocida]
_c[fecha desconocida]
300 _aparis
490 _a258 p.
600 _aCastro Silva
_9563
650 0 4 _aNovela francesa
_920506
942 _cLIBRO
_a18
_e1
_mL67
_n0
_2DEWEY
_h843
999 _c86159
_d86159